000 00758nam a22002537a 4500
001 BR7400238
003 BR-BrBNA
005 20230928084504.0
007 ta
008 230509b bl.||||| |||| 00| 0 por d
040 _aBR-BrBNA
_bpor
_cBiblioteca Nacional de Agricultura
041 _a(Por)
072 _aF00
_b2120
090 _ 2120 BR7400238 OBR
100 1 _aSilva, P.P. e
245 1 _aCafe no O'Este de São Paulo. Cousas a manter, suprimir e crear para o aperfeicoamento, a conservacao e o maior e melhor rendimento de sua cultura
260 3 _aSao Paulo, SP (Brasil):
_bCasa Vanorden,
_c1910.
300 _a64 p.
500 _aOBRA RARA
650 _aCAFE
650 _aSAO PAULO
909 _a202309
_bLucia
_c55
_dLucia Elande
942 _cBK
999 _c19299
_d19299